Movies Quiz

Random Movies or Role Quiz

Actors' Movies by Role Quiz Stats

 Plays Quiz Updated Nov 12, 2015

Challenge
Share
Tweet
Embed
Score 0/45 Timer 09:00
2 Plays Today
Role Movies % Correct
School TeacherSchool of Rock
91.4%
BoxerRocky
91.4%
A GhostGhost
88.7%
VampireTwilight
85.4%
BoxerMillion Dollar Baby
85.4%
A GhostThe Sixth Sense
82.6%
LawyerLiar Liar
80.9%
Prison inmateThe Shawshank Redemption
80.3%
US PresidentAir Force One
78.9%
School TeacherKindergarten Cop
78.4%
LawyerLegally Blonde 2
77.3%
A KingThe King's Speech
75.7%
Prison inmateThe Green Mile
73.6%
BoxerRaging Bull
72.9%
US PresidentIndependence Day
69.9%
VampireInterview with the Vampire
64.9%
LawyerMy Cousin Vinny
63%
BoxerCinderella Man
60.4%
A King300
56.4%
Prison inmateThe Longest Yard
55.9%
DevilThe Devil's Advocate
54%
VampireLost Boys
52.4%
VampireBram Stoker's Dracula
51.7%
Role Movies % Correct
BoxerThe Hurricane
47.1%
Prison inmateCool Hand Luke
45.8%
DevilBedazzled
45.7%
A GhostThe Others
45.4%
US PresidentMars Attacks
44.9%
VampireDark Shadows
42.4%
School TeacherDangerous Minds
41.8%
US PresidentDeep Impact
38.9%
US PresidentDr Strangelove
37.5%
A GhostBeetlejuice
32%
DevilLittle Nicky
28%
A KingKing Arthur
23%
School TeacherDonnie Darko
19.9%
LawyerThe Verdict
19%
Prison inmatePapillon
17.6%
School TeacherHalf Nelson
17.2%
A KingKingdom of Heaven
15.5%
DevilEnd of Days
14.9%
A KingBraveheart
12.6%
DevilAngel Heart
11.1%
A GhostGhost Town
9.4%
LawyerCarlito's Way
8.6%

You're not logged in!

Compare scores with friends on all Sporcle quizzes.
OR
Log In

You Might Also Like...

Show Comments

Extras

Top Quizzes Today


Score Distribution

Your Account Isn't Verified!

In order to create a playlist on Sporcle, you need to verify the email address you used during registration. Go to your Sporcle Settings to finish the process.

Report this User

Report this user for behavior that violates our Community Guidelines.

Details: